00917nam a22002417a 450000500170000001000130001702000100003003500130004003700160005304000120006908200190008110000260010024500980012626000470022427000630027130000250033450000220035965000320038165000240041394200280043799900190046595201910048420170124110008.0 aA-679326 c00.00 aA-679326 bCen Lib/Ret aDPLbEN a327.47054bTHA aThakur, Ramesh916650 aSoviet relations with India and Vietnam 1945-1992 /cby Ramesh Thakur [and] Carlyle A. Thayer aNew DelhibOxford University Press c1992 aYMCA Library Building, Jai Singh Road bNew Delhie110001 aviii,369p.c22cm(Hb) aIncludes index  aDiplomatic relations917276 aSoviet Union916710 2ddccENh327.47054mTHA c126341d126341 04104070aLbLd2015-06-25eCen Lib/Retg0.00l0o327.47054 THApA-679326r2015-06-25 00:00:00t1v0.00w2015-06-25yENzWritten off on approval by DLB (By Circulation); dtd 15-06-2023